书目信息 |
| 题名: |
浪子的忧郁
|
|
| 作者: | 孟昌明 著 | |
| 分册: | ||
| 出版信息: | 南京 江苏人民出版社 2015 |
|
| 页数: | 266页 | |
| 开本: | 24cm | |
| 丛书名: | ||
| 单 册: | ||
| 中图分类: | K815.72 | |
| 科图分类: | ||
| 主题词: | 画家--hua jia--人物研究--西方国家 | |
| 电子资源: | ||
| ISBN: | 978-7-214-15941-0 | |
| 000 | 00944nam0 22002651 450 | |
| 001 | 0120082245 | |
| 005 | 20170320082245.0 | |
| 010 | @a978-7-214-15941-0@dCNY65.00 | |
| 100 | @a20151014d2015 em y0chiy50 ea | |
| 101 | 0 | @achi |
| 102 | @aCN@b320000 | |
| 105 | @aa z 000yd | |
| 106 | @ar | |
| 200 | 1 | @a浪子的忧郁@9lang zi de you yu@f(美)孟昌明著 |
| 210 | @a南京@c江苏人民出版社@d2015 | |
| 215 | @a266页@c图@d24cm | |
| 300 | @a跟着大师读艺术 | |
| 312 | @a封面英文题名:The melancholy of drifters | |
| 330 | @a本书作者用近400幅精美的名画,带我们走进莫奈、米勒、梵高、塞尚、高更、雷诺阿、柯罗、莫迪利阿尼等八位西方著名古典艺术巨匠的艺术生涯,并解读发生在这些大师的作品背后令人心酸的真实故事。 | |
| 510 | 1 | @aMelancholy of drifters@zeng |
| 606 | 0 | @a画家@9hua jia@x人物研究@x西方国家 |
| 690 | @aK815.72@v5 | |
| 701 | 0 | @c(美)@a孟昌明@9meng chang ming@4著 |
| 801 | 0 | @aCN@bTANGWEI@c20170308 |
| 905 | @b0957408-10@dK815.72@e135@f3 | |
| 浪子的忧郁/(美)孟昌明著.-南京:江苏人民出版社,2015 |
| 266页:图;24cm |
| 跟着大师读艺术 |
| ISBN 978-7-214-15941-0:CNY65.00 |
| 本书作者用近400幅精美的名画,带我们走进莫奈、米勒、梵高、塞尚、高更、雷诺阿、柯罗、莫迪利阿尼等八位西方著名古典艺术巨匠的艺术生涯,并解读发生在这些大师的作品背后令人心酸的真实故事。 |
| ● |
| 相关链接 |
|
|
|
|
正题名:浪子的忧郁
索取号:K815.72/135
 
预约/预借
| 序号 | 登录号 | 条形码 | 馆藏地/架位号 | 状态 | 备注 |
| 1 | 0957408 | 209574085 | 第二样本阅览室/ [索取号:K815.72/135] | 在馆 | |
| 2 | 0957409 | 209574094 | 第二借阅区/ [索取号:K815.72/135] | 在馆 | |
| 3 | 0957410 | 209574101 | 第二借阅区/ [索取号:K815.72/135] | 在馆 |